[Event "Hannover-ch op"]
[Site "Stadthagen"]
[Date "2009.10.05"]
[Round "6"]
[White "Rabsch, Peter"]
[Black "Domdey, Markus"]
[Result "1/2-1/2"]
[WhiteElo "1339"]
[BlackElo "1533"]
[PlyCount "56"]
[EventDate "2009.10.01"]
[EventType "swiss"]
[EventRounds "7"]
[EventCountry "GER"]
[SourceTitle "EXT 2021"]
[Source "ChessBase"]
[SourceDate "2020.10.23"]
[SourceVersion "1"]
[SourceVersionDate "2020.10.23"]
[SourceQuality "1"]

1. d4 Nf6 2. Bf4 d6 3. e3 g6 4. Be2 Bg7 5. Nf3 0-0 6. Nbd2 Nbd7 7. c3 Re8 8. Bg3 b6 9. Qc2 Bb7 10. Bd3 c5 11. 0-0 cxd4 12. exd4 Qc7 13. Rfe1 Nh5 14. Bh4 e5 15. dxe5 Nxe5 16. Nxe5 Rxe5 17. Rxe5 Bxe5 18. Bg3 Nxg3 19. hxg3 Re8 20. Nf3 Bg7 21. Re1 Rxe1+ 22. Nxe1 Bd5 23. a3 Bc4 24. Bxc4 Qxc4 25. Qd3 Qb3 26. Qe2 Qe6 27. Kf1 Qxe2+ 28. Kxe2 f5 1/2-1/2

[Event "Hannover Region-ch"]
[Site "Hannover"]
[Date "2008.04.12"]
[Round "7"]
[White "Krychevskiy, Dmytro"]
[Black "Domdey, Markus"]
[Result "0-1"]
[WhiteElo "1645"]
[BlackElo "1450"]
[PlyCount "78"]
[EventDate "2008.01.12"]
[EventType "swiss"]
[EventRounds "7"]
[EventCountry "GER"]
[SourceTitle "EXT 2021"]
[Source "ChessBase"]
[SourceDate "2020.10.23"]
[SourceVersion "1"]
[SourceVersionDate "2020.10.23"]
[SourceQuality "1"]

1. e4 e6 2. f4 d5 3. exd5 exd5 4. d4 Bd6 5. Nf3 Bf5 6. c3 c6 7. Be2 Qc7 8. Nh4 Ne7 9. Nxf5 Nxf5 10. 0-0 Nd7 11. Bd3 Ne7 12. a4 0-0-0 13. h3 Ng6 14. f5 Nf4 15. Bxf4 Bxf4 16. Qf3 Bd6 17. b4 g5 18. fxg6 fxg6 19. b5 Rhf8 20. Qe2 Bh2+ 21. Kh1 Rxf1+ 22. Qxf1 Rf8 23. Qe1 Qg3 24. Qxg3 Bxg3 25. bxc6 bxc6 26. Nd2 c5 27. Ba6+ Kc7 28. Nf3 Rb8 29. dxc5 Nxc5 30. Bb5 a6 31. Be2 Rb2 32. Nd4 Nxa4 33. Bxa6 Nxc3 34. Bf1 Rb1 35. Ra7+ Kb6 36. Rf7 Ne4 37. Nc2 Bf2 38. Rxf2 Nxf2+ 39. Kg1 Nd1 0-1

[Event "Hannover Region-ch"]
[Site "Hannover"]
[Date "2008.01.12"]
[Round "1"]
[White "Zakidyshev, Gennadiy"]
[Black "Domdey, Markus"]
[Result "1/2-1/2"]
[WhiteElo "1867"]
[BlackElo "1450"]
[PlyCount "46"]
[EventDate "2008.01.12"]
[EventType "swiss"]
[EventRounds "7"]
[EventCountry "GER"]
[SourceTitle "EXT 2021"]
[Source "ChessBase"]
[SourceDate "2020.10.23"]
[SourceVersion "1"]
[SourceVersionDate "2020.10.23"]
[SourceQuality "1"]

1. d4 Nf6 2. Nf3 d5 3. e3 g6 4. Bd3 Bg7 5. 0-0 0-0 6. Nbd2 c6 7. c3 Qc7 8. h3 Nbd7 9. e4 e5 10. dxe5 Nxe4 11. Nxe4 dxe4 12. Bxe4 Nxe5 13. Bf4 Nxf3+ 14. Qxf3 Qb6 15. Rab1 Be6 16. Be3 Qb5 17. b3 Qa5 18. Rfc1 f5 19. Bd3 Bd5 20. Qe2 Bxc3 21. Qc2 Bg7 22. a4 Qd8 23. f3 Qh4 1/2-1/2

[Event "Niedersachsen-ch"]
[Site "Verden"]
[Date "2008.01.06"]
[Round "7"]
[White "Orschulik, Nils"]
[Black "Domdey, Markus"]
[Result "1/2-1/2"]
[WhiteElo "1985"]
[BlackElo "1443"]
[PlyCount "42"]
[EventDate "2008.01.03"]
[EventType "swiss"]
[EventRounds "7"]
[EventCountry "GER"]
[SourceTitle "EXT 2010"]
[Source "ChessBase"]
[SourceDate "2010.11.25"]
[SourceVersion "1"]
[SourceVersionDate "2010.11.25"]
[SourceQuality "1"]

1. e4 e6 2. d4 d5 3. exd5 exd5 4. Bd3 Nc6 5. Ne2 Bd6 6. Nbc3 Nce7 7. Bg5 c6 8. Qd2 h6 9. Be3 Bf5 10. 0-0-0 Qd7 11. f3 0-0-0 12. Nf4 Nf6 13. g4 Bh7 14. Rde1 g5 15. Bxh7 gxf4 16. Bxf4 Bxf4 17. Qxf4 Nxh7 18. Qxf7 Ng8 19. Qg6 Qd6 20. Qf5+ Qd7 21. Qg6 Qd6 1/2-1/2

[Event "Niedersachsen-ch"]
[Site "Verden"]
[Date "2008.01.05"]
[Round "5"]
[White "Buehrmann, Torsten"]
[Black "Domdey, Markus"]
[Result "1-0"]
[WhiteElo "1596"]
[BlackElo "1443"]
[PlyCount "69"]
[EventDate "2008.01.03"]
[EventType "swiss"]
[EventRounds "7"]
[EventCountry "GER"]
[SourceTitle "EXT 2010"]
[Source "ChessBase"]
[SourceDate "2010.11.25"]
[SourceVersion "1"]
[SourceVersionDate "2010.11.25"]
[SourceQuality "1"]

1. e4 e6 2. d4 d5 3. Nc3 Bb4 4. exd5 Bxc3+ 5. bxc3 exd5 6. Bd3 Ne7 7. Qh5 g6 8. Qh4 Nf5 9. Qxd8+ Kxd8 10. Bg5+ Ne7 11. Nf3 Nbc6 12. 0-0 a6 13. Rfe1 Be6 14. Bf6 Rf8 15. Ng5 Kd7 16. Nxh7 Bf5 17. Nxf8+ Rxf8 18. Rab1 Bxd3 19. cxd3 Ng8 20. Bh4 Rb8 21. Re3 f6 22. f4 Nce7 23. Bf2 Nh6 24. Rbe1 Nef5 25. R3e2 Ng8 26. g4 Nd6 27. Bh4 Rf8 28. a4 Rb8 29. Kf2 Rf8 30. Kg3 Nf7 31. Kh3 Nd6 32. g5 f5 33. Re6 Re8 34. Rxg6 Rxe1 35. Bxe1 1-0

[Event "Niedersachsen-ch"]
[Site "Verden"]
[Date "2008.01.05"]
[Round "6"]
[White "Domdey, Markus"]
[Black "Diederichs, Luise"]
[Result "1-0"]
[WhiteElo "1443"]
[BlackElo "942"]
[PlyCount "153"]
[EventDate "2008.01.03"]
[EventType "swiss"]
[EventRounds "7"]
[EventCountry "GER"]
[SourceTitle "EXT 2010"]
[Source "ChessBase"]
[SourceDate "2010.11.25"]
[SourceVersion "1"]
[SourceVersionDate "2010.11.25"]
[SourceQuality "1"]

1. d4 d5 2. Nf3 Nf6 3. g3 e6 4. Bg2 c5 5. e3 Nc6 6. 0-0 Bd6 7. b3 0-0 8. Bb2 Re8 9. Nbd2 e5 10. dxe5 Bxe5 11. Nxe5 Nxe5 12. Nf3 Bg4 13. Bxe5 Rxe5 14. Qc1 Bxf3 15. Bxf3 Ne4 16. c4 dxc4 17. Rd1 Nd6 18. Bxb7 Rb8 19. Bd5 cxb3 20. axb3 Qb6 21. Qc3 Rbe8 22. Rac1 Nb7 23. Qc4 R8e7 24. Bxb7 Rxb7 25. Rd5 Qc7 26. Qxc5 Rxd5 27. Qxc7 Rxc7 28. Rxc7 g6 29. Rxa7 Rb5 30. Ra3 Kg7 31. Kg2 h5 32. f4 Rb4 33. Kf3 f5 34. h3 Kh6 35. Ke2 Re4 36. Ra4 Re6 37. Rb4 Rd6 38. Rb7 Rc6 39. h4 Rc2+ 40. Kf3 Rb2 41. b4 Rb1 42. b5 Rb2 43. b6 Rb1 44. Rb8 Rb2 45. b7 Kg7 46. e4 Rb3+ 47. Ke2 fxe4 48. Kd2 e3+ 49. Ke2 Kh7 50. Kf3 Kg7 51. g4 hxg4+ 52. Kxg4 e2 53. Re8 Rxb7 54. Rxe2 Rf7 55. Re5 Kh6 56. Re6 Rf5 57. Re8 Rf7 58. Re5 Rg7 59. Re6 Rd7 60. h5 Rg7 61. hxg6 Rxg6+ 62. Kf5 Rxe6 63. Kxe6 Kg7 64. f5 Kg8 65. Ke7 Kg7 66. f6+ Kg6 67. f7 Kf5 68. f8Q+ Ke5 69. Qf6+ Kd5 70. Qe6+ Kd4 71. Kd6 Kc3 72. Qd5 Kb4 73. Qc6 Kb3 74. Qc5 Ka4 75. Qb6 Ka3 76. Kc5 Ka4 77. Qb4# 1-0

[Event "Niedersachsen-ch"]
[Site "Verden"]
[Date "2008.01.04"]
[Round "3"]
[White "Zucker, Stefan"]
[Black "Domdey, Markus"]
[Result "1-0"]
[WhiteElo "1718"]
[BlackElo "1443"]
[PlyCount "39"]
[EventDate "2008.01.03"]
[EventType "swiss"]
[EventRounds "7"]
[EventCountry "GER"]
[SourceTitle "EXT 2010"]
[Source "ChessBase"]
[SourceDate "2010.11.25"]
[SourceVersion "1"]
[SourceVersionDate "2010.11.25"]
[SourceQuality "1"]

1. d4 d5 2. c4 e6 3. g3 c5 4. dxc5 Bxc5 5. cxd5 Qxd5 6. Qxd5 exd5 7. Nc3 Be6 8. Bg2 Ne7 9. Bf4 a6 10. 0-0-0 0-0 11. Nxd5 Nxd5 12. Bxd5 Bxd5 13. Rxd5 Bxf2 14. Nf3 Nc6 15. Rd7 Rac8 16. Kb1 b6 17. e3 Rfe8 18. Rc1 h6 19. Rd2 Rxe3 20. Rxf2 1-0

[Event "Niedersachsen-ch op"]
[Site "Verden"]
[Date "2007.01.04"]
[Round "2"]
[White "Domdey, Markus"]
[Black "Hupe, Henning"]
[Result "1/2-1/2"]
[WhiteElo "1361"]
[BlackElo "2078"]
[PlyCount "77"]
[EventDate "2007.01.04"]
[EventType "swiss"]
[EventRounds "7"]
[EventCountry "GER"]
[SourceTitle "EXT 2021"]
[Source "ChessBase"]
[SourceDate "2020.10.23"]
[SourceVersion "1"]
[SourceVersionDate "2020.10.23"]
[SourceQuality "1"]

1. d4 Nf6 2. c4 d6 3. Nf3 c6 4. g3 Nbd7 5. Bg2 Qc7 6. 0-0 e5 7. Nbd2 Be7 8. e4 Nf8 9. b3 Ng6 10. Bb2 0-0 11. Qc2 b6 12. d5 cxd5 13. exd5 Nd7 14. Ne4 Nc5 15. Nxc5 bxc5 16. Nd2 f5 17. Rae1 a5 18. Nb1 Bd7 19. Nc3 Rae8 20. a4 Bc8 21. Qb1 Bf6 22. Bh3 e4 23. Nb5 Qd8 24. Bxf6 Rxf6 25. Qc2 Ne5 26. Bg2 Ref8 27. Qc3 Bd7 28. f3 exf3 29. Bxf3 f4 30. gxf4 Rxf4 31. Bg2 Rxf1+ 32. Rxf1 Rxf1+ 33. Bxf1 Bg4 34. Bg2 Qf6 35. Qxa5 Nf3+ 36. Bxf3 Bxf3 37. Qe1 Qg6+ 38. Kf2 Be4 39. Qe2 1/2-1/2

[Event "Niedersachsen-ch op"]
[Site "Verden"]
[Date "2007.01.04"]
[Round "1"]
[White "Kickert, Germaine Helene"]
[Black "Domdey, Markus"]
[Result "1/2-1/2"]
[WhiteElo "1897"]
[BlackElo "1361"]
[PlyCount "42"]
[EventDate "2007.01.04"]
[EventType "swiss"]
[EventRounds "7"]
[EventCountry "GER"]
[SourceTitle "EXT 2021"]
[Source "ChessBase"]
[SourceDate "2020.10.23"]
[SourceVersion "1"]
[SourceVersionDate "2020.10.23"]
[SourceQuality "1"]

1. e4 e6 2. d4 d5 3. Nc3 Nf6 4. e5 Nfd7 5. f4 c5 6. Nf3 a6 7. Be3 b5 8. Qd2 c4 9. Qf2 Nc6 10. Be2 Be7 11. h4 g6 12. h5 Rg8 13. Rh3 Nf8 14. hxg6 hxg6 15. Qg1 Kd7 16. Nd1 Nb4 17. Kd2 Qa5 18. Nc3 Nc6 19. a3 Qb6 20. Nd1 Qa5+ 21. c3 b4 1/2-1/2

[Event "Hannover-ch MT"]
[Site "Hannover"]
[Date "2004.09.19"]
[Round "7"]
[White "Domdey, Markus"]
[Black "Utermark, Dieter"]
[Result "0-1"]
[WhiteElo "1327"]
[BlackElo "1721"]
[PlyCount "58"]
[EventDate "2004.09.16"]
[EventType "swiss"]
[EventRounds "7"]
[EventCountry "GER"]
[SourceTitle "EXT 2021"]
[Source "ChessBase"]
[SourceDate "2020.10.23"]
[SourceVersion "1"]
[SourceVersionDate "2020.10.23"]
[SourceQuality "1"]

1. d4 Nf6 2. Nf3 g6 3. g3 Bg7 4. Bg2 0-0 5. c4 d6 6. Nc3 Nbd7 7. Bd2 e5 8. dxe5 dxe5 9. e4 b6 10. 0-0 Bb7 11. Re1 Re8 12. Qc2 c6 13. Rad1 Qc7 14. Qc1 Rad8 15. Ng5 Nc5 16. Bf1 Nd3 17. Bxd3 Rxd3 18. Qc2 Rd7 19. f3 Bc8 20. Nh3 Rxd2 21. Qxd2 Bxh3 22. g4 h5 23. gxh5 Nxh5 24. Qd6 Qe7 25. Qxe7 Rxe7 26. Rd6 Rc7 27. Kf2 Bf6 28. Re3 Be7 29. Rd1 Bc5 0-1

[Event "Hannover-ch MT"]
[Site "Hannover"]
[Date "2004.09.18"]
[Round "6"]
[White "Lick, Helmut"]
[Black "Domdey, Markus"]
[Result "1/2-1/2"]
[WhiteElo "1471"]
[BlackElo "1327"]
[PlyCount "53"]
[EventDate "2004.09.16"]
[EventType "swiss"]
[EventRounds "7"]
[EventCountry "GER"]
[SourceTitle "EXT 2021"]
[Source "ChessBase"]
[SourceDate "2020.10.23"]
[SourceVersion "1"]
[SourceVersionDate "2020.10.23"]
[SourceQuality "1"]

1. d4 d5 2. c4 e6 3. Nc3 Nf6 4. Nf3 g6 5. Bg5 Bg7 6. e3 0-0 7. Bd3 dxc4 8. Bxc4 c6 9. 0-0 Qc7 10. Rc1 Nbd7 11. Bf4 Qb6 12. Bd6 Re8 13. b4 Qd8 14. Ne5 Nd5 15. Bxd5 exd5 16. Nxd7 Qxd7 17. Bg3 Qe7 18. a3 a5 19. Qb3 axb4 20. axb4 Bf5 21. Na4 Bd3 22. Qxd3 Rxa4 23. b5 Rc8 24. bxc6 bxc6 25. Qc2 Rc4 26. Qa2 Rxc1 27. Rxc1 1/2-1/2

[Event "Hannover-ch MT"]
[Site "Hannover"]
[Date "2004.09.17"]
[Round "4"]
[White "Sherman, Radyslav"]
[Black "Domdey, Markus"]
[Result "1-0"]
[WhiteElo "1721"]
[BlackElo "1327"]
[PlyCount "69"]
[EventDate "2004.09.16"]
[EventType "swiss"]
[EventRounds "7"]
[EventCountry "GER"]
[SourceTitle "EXT 2021"]
[Source "ChessBase"]
[SourceDate "2020.10.23"]
[SourceVersion "1"]
[SourceVersionDate "2020.10.23"]
[SourceQuality "1"]

1. d4 d5 2. c4 e6 3. Nc3 Nf6 4. Bg5 Nbd7 5. e3 Be7 6. Nf3 b6 7. cxd5 Nxd5 8. Bxe7 Nxe7 9. Bd3 Bb7 10. 0-0 0-0 11. Rc1 c5 12. dxc5 Nxc5 13. Bxh7+ Kxh7 14. Ng5+ Kg6 15. Qg4 f5 16. Qg3 f4 17. Qg4 Kf6 18. Nh7+ Kf7 19. Qxf4+ Kg8 20. Nxf8 Qxf8 21. Qxf8+ Rxf8 22. Rfd1 Nd5 23. Nxd5 Bxd5 24. b4 Ne4 25. f3 Nf6 26. a3 a5 27. Rd4 a4 28. e4 Bb3 29. b5 Rf7 30. Rd8+ Rf8 31. Rd6 Rb8 32. Rcc6 Kh7 33. Rxb6 Rxb6 34. Rxb6 Nd7 35. Rd6 1-0